000 00431pab a2200169 454500
008 180718b1988 xxu||||| |||| 00| 0 eng d
100 _aReddy, B. Dasaradharami
245 _aProfitability of public enterprises in India
260 _c1988
300 _a33-5
362 _a3 Sept.
650 _aGovernment Enterprise - India
700 _aG. Balaji Choudhary
700 _aP. Venkata Rao
773 _aCommerce
909 _a9289
999 _c9289
_d9289